Training university administrators : a programme guide.

Gorde:
Xehetasun bibliografikoak
Egile nagusia: Henderson, Algo D. (autor)
Formatua: Liburua
Hizkuntza:ingelesa
Gaiak:
Etiketak: Etiketa erantsi
Etiketarik gabe, Izan zaitez lehena erregistro honi etiketa jartzen!

MARC

LEADER 00000cam^a2200000uu^4500
001 000479163
005 20250521000000.0
008 050901s1970^^^^^^^^^^^^rd^r^^000^0^eng^d
009 20260310124931.373
035 |a FCE 000022165 
035 |a FCE 001544 
037 |a Acervo ITESO - Biblioteca 
041 |a eng 
082 0 4 |a 378.2  |b H765t 
100 |a Henderson, Algo D.  |e (autor) 
245 1 0 |a Training university administrators :  |b a programme guide. 
264 |a Paris :  |b UNESCO,  |c 1970. 
300 |a 83 p. 
336 |a texto  |b txt  |2 rdacontenido 
337 |a sin mediación  |b n  |2 rdamedio 
338 |a volumen  |b nc  |2 rdasoporte 
649 |a XX 
650 |a Educación superior 
650 |a Administración de la educación 
650 |a Guía 
650 |a Administración escolar 
650 |a Capacitación de personal 
650 |a Personal de educación 
910 |a Fondo Centro de Estudios Educativos 
920 |a Impresos - Libros 
930 |a Fondos Especiales 
905 |a 133 
901 |a ALE001544  |b IT2  |c CEE  |u 20250521 
902 |a https://opac.biblio.iteso.mx/vufind/Record/000479163